000 00291nam a2200109Ia 4500
008 230907s9999||||xx |||||||||||||| ||und||
082 _a320
_bBAN
245 0 _aSecurity and hybrid warfare :
260 _aLap Lambert Academic Publishing,
_bMauritius :
_c2017
300 _a207 p.
942 _cBK
999 _c599378
_d599378